| 000 | 01030nas a2200313 4500 | ||
|---|---|---|---|
| 001 | BR2021000634 | ||
| 003 | BR-BrBNA | ||
| 005 | 20231205132233.0 | ||
| 007 | ta | ||
| 008 | 230509b bl.|||p| |||| 00| 00por d | ||
| 040 |
_aBR-BrBNA _bpor _cBiblioteca Nacional de Agricultura |
||
| 041 | _a(Pt) | ||
| 072 | _aE10; E16; F04 | ||
| 100 | 1 | _aNeves, J.C.B. | |
| 100 | 1 | _aSantana, M.J. de | |
| 100 | 1 | _aFernandes, A.L.T. | |
| 100 | 1 | _aAssis, M.P. de | |
| 100 | 1 | _aKempen, J.C.V. | |
| 245 | 1 | _aViabilidade econômica do feijoeiro sob lâminas de irrigação e doses de nitrogênio | |
| 650 | _aÁGUA | ||
| 650 | _aDEFICIÊNCIA HÍDRICA | ||
| 650 | _aADUBAÇÃO | ||
| 650 | _aPHASEOLUS VULGARIS | ||
| 650 | _aECONOMIA | ||
| 773 | 0 |
_tNativa. Pesquisas Agrárias e Ambientais (Brazil) _xISSN 2318-7670 _g(Mar-Apr 2021), v. 9(2) p. 202-208 _wBR2021000634 |
|
| 856 | 4 | 0 | _uhttps://periodicoscientificos.ufmt.br/ojs/index.php/nativa/article/view/11761/8270 |
| 909 |
_a202311 _bLúcia _c55 _dLúcia Elande |
||
| 942 |
_2AGRIS _n0 _cANA |
||
| 999 |
_c259224 _d259224 |
||